LEADER 03057nam 2200661 a 450 001 9910462380003321 005 20200520144314.0 010 $a0-8261-1943-3 035 $a(CKB)2670000000358282 035 $a(EBL)1188978 035 $a(SSID)ssj0000885827 035 $a(PQKBManifestationID)12395798 035 $a(PQKBTitleCode)TC0000885827 035 $a(PQKBWorkID)10816881 035 $a(PQKB)10192128 035 $a(MiAaPQ)EBC1188978 035 $a(Au-PeEL)EBL1188978 035 $a(CaPaEBR)ebr10704504 035 $a(CaONFJC)MIL608346 035 $a(OCoLC)844729795 035 $a(EXLCZ)992670000000358282 100 $a20130124d2013 uy 0 101 0 $aeng 135 $aur|n|---||||| 181 $ctxt 182 $cc 183 $acr 200 14$aThe changing face of health care social work$b[electronic resource] $eopportunities and challenges for professional practice /$fSophia F. Dziegielewski 205 $a3rd ed. 210 $aNew York $cSpringer Pub. Co., LLC$d2013 215 $a1 online resource (484 p.) 300 $aDescription based upon print version of record. 311 $a0-8261-1942-5 320 $aIncludes bibliographical references and index. 327 $apt. I. Understanding the practice of health care social work -- pt. II. Foundation skills necessary in today's health care environment -- pt. III. Fields of clinical social work practice in health care settings -- pt. IV. Conclusion. 330 $aThis third edition of a best-selling social work text reflects the dramatic changes that have taken place in our health care environment since the second edition was published in 2004-and will likely continue to take place. It is a practical guide for social workers who must navigate our complex health care environment and accept new challenges while adapting to continual change. The book encompasses many facets of professional health care social work within the U.S. health care system, across key health care settings and with numerous different patient populations. The book is also a call to 606 $aMedical social work$zUnited States$xMethodology 606 $aManaged care plans (Medical care)$zUnited States 606 $aHospitals$xCase management services$zUnited States 606 $aHospitals$zUnited States$xAdministration 606 $aSocial work administration$zUnited States 606 $aMedical care$xComputer network resources 608 $aElectronic books. 615 0$aMedical social work$xMethodology. 615 0$aManaged care plans (Medical care) 615 0$aHospitals$xCase management services 615 0$aHospitals$xAdministration. 615 0$aSocial work administration 615 0$aMedical care$xComputer network resources. 676 $a362.1/0425 700 $aDziegielewski$b Sophia F$0749901 801 0$bMiAaPQ 801 1$bMiAaPQ 801 2$bMiAaPQ 906 $aBOOK 912 $a9910462380003321 996 $aThe changing face of health care social work$91995822 997 $aUNINA LEADER 03494nam 22006135 450 001 9910647388303321 005 20251008163613.0 010 $a9783031197659$b(electronic bk.) 010 $z9783031197642 024 7 $a10.1007/978-3-031-19765-9 035 $a(MiAaPQ)EBC7187228 035 $a(Au-PeEL)EBL7187228 035 $a(CKB)26068921600041 035 $a(DE-He213)978-3-031-19765-9 035 $a(EXLCZ)9926068921600041 100 $a20230127d2023 u| 0 101 0 $aeng 135 $aurcnu|||||||| 181 $ctxt$2rdacontent 182 $cc$2rdamedia 183 $acr$2rdacarrier 200 10$aPoetry of the New Woman $ePublic Concerns, Private Matters /$fby Patricia Murphy 205 $a1st ed. 2023. 210 1$aCham :$cSpringer International Publishing :$cImprint: Palgrave Macmillan,$d2023. 215 $a1 online resource (279 pages) 225 1 $aPalgrave Studies in Nineteenth-Century Writing and Culture,$x2634-6508 311 08$aPrint version: Murphy, Patricia Poetry of the New Woman Cham : Springer International Publishing AG,c2023 9783031197642 320 $aIncludes bibliographical references and index. 327 $aChapter 1: Introduction: Many Voices, Many Issues -- Chapter 2: The Vagaries of Marriage -- Chapter 3: The Workings of Desire -- Chapter 4: Social Responsibility for the Destitute -- Chapter 5: Grim Stories of the ?Fallen Woman? -- Chapter 6: Poets on Poetry -- Chapter 7: The Promise of London -- Chapter 8: Conclusion: Speculating on the Future. . 330 $aThe New Woman sought vast improvements in Victorian culture that would enlarge educational, professional, and domestic opportunities. Although New Women resist ready classification or appraisal as a monolithic body, they tended to share many of the same beliefs and objectives aimed at improving female conditions. While novels about the iconoclastic New Woman have garnered much interest in recent decades, poetry from the cultural and literary figure has received considerably less attention. Yet the very issues that propelled New Woman fiction are integral to the poetry of the fin de siècle. This book ? the first in-depth account on the subject ? enriches our knowledge of exceptionally gifted writers, including Mathilde Blind, M. E. Coleridge, Olive Custance, and Edith Nesbit. It focuses on their long-neglected British verse, analyzing its treatment of crucial matters on both the personal and public level to provide the attention the poetry so richly deserves. Patricia Murphy is Professor Emerita in English at Missouri Southern State University, USA. 410 0$aPalgrave Studies in Nineteenth-Century Writing and Culture,$x2634-6508 606 $aLiterature, Modern$y19th century 606 $aPoetry 606 $aLiterature$xPhilosophy 606 $aFeminism and literature 606 $aNineteenth-Century Literature 606 $aPoetry and Poetics 606 $aFeminist Literary Theory 615 0$aLiterature, Modern 615 0$aPoetry. 615 0$aLiterature$xPhilosophy. 615 0$aFeminism and literature. 615 14$aNineteenth-Century Literature. 615 24$aPoetry and Poetics. 615 24$aFeminist Literary Theory. 676 $a821.00809287 676 $a821.8099287 700 $aMurphy$b Patricia$0929652 801 0$bMiAaPQ 801 1$bMiAaPQ 801 2$bMiAaPQ 912 $a9910647388303321 996 $aPoetry of the New Woman$93010085 997 $aUNINA